París, los paisajes atlánticos y el discurso de la imitación /

সংরক্ষণ করুন:
গ্রন্থ-পঞ্জীর বিবরন
প্রধান লেখক: Nelle, Florian
বিন্যাস: অজ্ঞাত
ভাষা:Spanish
বিষয়গুলি:
ট্যাগগুলো: ট্যাগ যুক্ত করুন
কোনো ট্যাগ নেই, প্রথমজন হিসাবে ট্যাগ করুন!

MARC

LEADER 000000000a22000000004500
001 001975
041 0 |a spa 
100 1 |a Nelle, Florian 
245 1 0 |a París, los paisajes atlánticos y el discurso de la imitación /   |c Florian Nelle. 
310 |a semestral 
650 4 |a HISPANOAMERICA 
650 4 |a CULTURA FRANCESA 
650 4 |a IDENTIDAD NACIONAL 
650 4 |a PARIS (FRANCIA) 
650 4 |a IMITACION 
650 4 |a MODELO FRANCES 
650 4 |a MODERNIDAD LATINOAMERICANA 
650 4 |a HISTORIA 
650 4 |a AUTONOMIA 
650 4 |a ESCRITORES 
650 4 |a TERCER MUNDO 
773 0 |x 0798-958-X  |d Venezuela : Universidad Simón Bolívar  |t Estudios: Revista de Investigaciones Literarias  |g volumen 5, número 9 (1997), páginas 107-125 
942 |c ARC 
999 |c 9764  |d 9764